000 00424nam a2200181Ia 4500
003 0STCL
008 150530s9999 xx 000 0 und d
040 _aSTCL
_cSTCL
100 _aSurendran, K.
245 _aPalumkupaathram
250 _a1
260 _bSahitya Pravarthaka Co Operative Society ; Kottaya
_c1957
300 _a0
546 _aMalayalam
942 _2ddc
_cBK
999 _c48839
_d48839
005 20220125170752.0